Metodika racionalizácie práce

Guardado en:
Detalles Bibliográficos
Formato: Libro
Lenguaje:eslovaco
Publicado: Bratislava Práca 1980
Edición:2. preprac. vyd.
Etiquetas: Agregar Etiqueta
Sin Etiquetas, Sea el primero en etiquetar este registro!

MARC

LEADER 00000nam a2200000 4500
001 c126749
005 20050301104110.4
041 0 |a slo 
044 |a SK 
245 1 0 |a Metodika racionalizácie práce 
250 |a 2. preprac. vyd. 
264 1 |a Bratislava  |b Práca  |c 1980 
300 |a 271 s.